Harvard business review on advances in strategy

محفوظ في:
التفاصيل البيبلوغرافية
التنسيق: كتاب
اللغة:الإنجليزية
منشور في: Boston Harvard Business School 2002
الطبعة:1a. ed
سلاسل:The Harvard Business Review Paperback Series
الموضوعات:
الوسوم: إضافة وسم
لا توجد وسوم, كن أول من يضع وسما على هذه التسجيلة!

MARC

LEADER 00000nam a2200000 a 4500
001 UCK2369
003 CL-VaPUC
008 050106e20020000US |||||||||||||||||eng|d
020 |a 1578518032 
082 0 4 |a 658.4012  |b HAR  |2 21 
245 1 0 |a Harvard business review on advances in strategy 
250 |a 1a. ed 
300 |a 243 p 
942 |c BK 
945 |d 20050106 00:00:00  |a vberengu 
260 |a Boston  |b Harvard Business School   |c 2002 
650 0 |a Planificación estratégica   |9 259735 
650 0 |a Comercio electrónico  |9 428366 
650 0 |a Internet   |9 254823 
583 |a last modification  |c 20050106 00:00:00  |k Rodrigo Vera 
490 0 |a The Harvard Business Review Paperback Series 
999 |c 311927  |d 311925 
952 |0 0  |1 0  |4 0  |6 658_401200000000000_HAR_2002  |7 0  |8 A  |9 381660  |a BIBING  |b BIBING  |d 2019-11-21  |i 4078454  |o 658.4012 HAR 2002  |p 4078454  |r 2025-01-20  |w 2019-11-21  |y BK  |k EII